Loading...
| Literature - European | 0 | 4 | 0 | 1 | 40 | 24 | 57.50 | 2 | 3 | 18.60 | 26.30 |
| Fine Arts - Classical Music | 0 | 4 | 0 | 1 | 40 | 37 | 87.25 | 0 | 2 | 9.61 | 17.21 |
| History - European | 0 | 3 | 0 | 1 | 30 | 55 | 73.33 | 0 | 1 | 7.30 | 19.32 |
| History - Other | 0 | 4 | 2 | 0 | 30 | 18 | 38.50 | 2 | 3 | 23.90 | 29.55 |
| History - World | 0 | 3 | 0 | 0 | 30 | 63 | 75.00 | 0 | 1 | 7.78 | 18.18 |
| Science - Biology | 0 | 3 | 0 | 1 | 30 | 72 | 82.00 | 0 | 1 | 4.42 | 9.25 |
| Pop Culture | 0 | 3 | 0 | 0 | 30 | 49 | 54.33 | 1 | 1 | 30.65 | 38.21 |
| Mythology | 0 | 3 | 1 | 0 | 25 | 36 | 57.00 | 2 | 2 | 14.16 | 23.38 |
| Literature - American | 0 | 2 | 1 | 1 | 15 | 26 | 66.00 | 1 | 1 | 7.05 | 10.39 |
| Social Science | 0 | 1 | 0 | 1 | 10 | 103 | 103.00 | 0 | 1 | 0.00 | 1.59 |
| Literature - British | 0 | 1 | 0 | 1 | 10 | 112 | 112.00 | 0 | 0 | 0.00 | 2.60 |
| Science - Physics | 0 | 1 | 0 | 0 | 10 | 22 | 22.00 | 1 | 1 | 7.15 | 9.09 |
| Current Events | 0 | 1 | 0 | 1 | 10 | 106 | 106.00 | 0 | 0 | 0.00 | 2.50 |
| Science - Other | 0 | 1 | 1 | 1 | 5 | 79 | 79.00 | 0 | 0 | 2.74 | 2.27 |
| Philosophy | 0 | 1 | 1 | 0 | 5 | 23 | 23.00 | 1 | 1 | 9.57 | 12.50 |
| Religion | 0 | 1 | 2 | 0 | 0 | 80 | 80.00 | 0 | 1 | 2.54 | 6.49 |